000 00554nmm a2200169Ia 4500
008 251105s9999||||xx |||||||||||||||||und||
020 _a9789588378350
041 _aspa
100 _aMilena Salas, Ángela
245 0 _aEl resentimiento en el paramilitarismo : Análisis del discurso de Carlos Castaño Gil
264 _a[Bogotá, Colombia] :
_bUniversidad del Rosario,
_c2008
300 _a182 páginas
490 _aÓpera Prima
650 _aPolitical Science (General)
856 _uhttps://public.digitaliapublishing.com/a/10171
942 _cCF
999 _c96600
_d96600